IC op-amp cookbook
שמור ב:
| מחבר ראשי: | |
|---|---|
| פורמט: | ספר |
| שפה: | English |
| יצא לאור: |
Indianapolis, Indiana : H W Sams,
1978
|
| נושאים: | |
| תגים: |
הוספת תג
אין תגיות, היה/י הראשונ/ה לתייג את הרשומה!
|
MARC
| LEADER | 00000nam a2200000Ia 4500 | ||
|---|---|---|---|
| 003 | 000783 | ||
| 005 | 20221231144007.0 | ||
| 008 | 140114s1978 inua 000 ||eng d | ||
| 040 | |c cru CEDI | ||
| 082 | |a 621.381.5 J95i | ||
| 100 | |a Jung, Walter G |9 19222 | ||
| 245 | |a IC op-amp cookbook | ||
| 260 | |a Indianapolis, Indiana : H W Sams, |c 1978 | ||
| 300 | |a 591 páginas : ilustraciones ; 21 cm | ||
| 650 | |x CIRCUITOS ELECTRONICOS |9 19223 | ||
| 942 | |2 ddc |c BK | ||
| 999 | |c 15326 |d 15326 | ||
